TBBT Quiz - Statistics

General Stats
  • This quiz has been taken 486 times
    484 since last reset
  • The average score is 11 of 21
Answer Stats
Hint Answer % Correct
Penny's boyfriend/husband Leonard
99%
Amy's boyfriend/ex Sheldon
96%
University of the above Caltech
80%
This person's wife is "scary" during competitions Howard
80%
Wife of the above Bernadette
79%
Best friend of Howard Rajesh
77%
Comic book store owner Stuart
71%
What job does Penny work at prior to season 8 Cheesecake factory
62%
Above's girlfriend Emily
57%
"hello new dice smell" was a quote before playing what game Dungeons and dragons
55%
What happened to the comic book store on the last episode of season 7 Burnt down
52%
What series did the scary wife's husband's Mum die 8
50%
What agreement do Leonard and Sheldon have Roomate
50%
How about sheldon and amy Relationship
48%
Where leonard was born New Jersey
45%
Sheldon's assistant Alex
32%
Name of the scary wife's dad Mike
23%
After Pharmaceutical Sales
21%
What type of laptop do the boys own Alienware PC
16%
What American landmark did they see Grand Canyon
11%
What church bus careered into the comic book store Korean
8%
No matching quizzes found
Score Distribution
Percent of People with Each Score
Percentile by Number Answered
Your Score History
You have not taken this quiz since the last reset